|
|
|
|
| LEADER |
00000cam a2200000 a 4500 |
| 001 |
vtls001487030 |
| 003 |
SK-MaSNL |
| 005 |
20260301122352.0 |
| 008 |
220107s2004 xo a crp 00000 slo |
| 015 |
|
|
|a SNBA2005/02-00587
|
| 020 |
|
|
|a 8071585564
|q (brožované)
|
| 035 |
|
|
|a SNK000442322
|
| 035 |
|
|
|a urn:nbn:sk:snk-am3iyaw
|
| 035 |
|
|
|a B204CC74-ABF4-4581-B99C-3C177EE3FC68
|
| 035 |
|
|
|a urn:nbn:sk:snk-am00g4mo
|
| 040 |
|
|
|a SNK
|b slo
|c SNK
|e AACR2
|
| 041 |
0 |
|
|a slo
|
| 044 |
|
|
|a xo
|c SK
|
| 072 |
|
7 |
|a 51
|x Matematika
|2 konspekt
|
| 072 |
|
7 |
|a 37.016
|x Učebné osnovy. Vyučovacie predmety. Učebnice
|2 konspekt
|
| 080 |
|
|
|a (075.2)
|2 1997
|
| 080 |
|
|
|a (076.1)
|2 1997
|
| 080 |
|
|
|a 51
|2 1997
|
| 080 |
|
|
|a 51
|2 2011
|
| 080 |
|
|
|a (076.1)
|2 2011
|
| 080 |
|
|
|a (075.2)
|2 2011
|
| 100 |
1 |
|
|a Berová, Zuzana,
|d 1966-
|4 aut
|9 67320
|
| 245 |
1 |
0 |
|a Pomocník z matematiky pre 7. ročník ZŠ
|n 2. zošit
|c Zuzana Berová, Peter Bero ; [ilustrácie Viktor Csiba]
|
| 250 |
|
|
|a 1. vyd.
|
| 260 |
|
|
|a Bratislava
|b Orbis Pictus Istropolitana
|c 2004
|
| 300 |
|
|
|a 78 strán
|b ilustrácie
|c 24 cm
|
| 500 |
|
|
|a Pracovný zošit z matematiky pre 7. ročník ZŠ
|
| 500 |
|
|
|a Ilustrovaná titulná strana
|
| 650 |
0 |
7 |
|a matematika
|2 SNKPH
|9 70174
|
| 655 |
|
7 |
|a učebnice základných škôl
|2 SNKPH
|9 70187
|
| 655 |
|
7 |
|a pracovné zošity
|2 SNKPH
|9 70188
|
| 700 |
1 |
|
|a Bero, Peter,
|d 1950-
|4 aut
|9 215146
|
| 700 |
1 |
|
|a Csiba, Viktor
|4 ill
|9 213396
|
| 919 |
|
|
|a 80-7158-556-4
|
| 958 |
|
|
|a TL
|
| 958 |
|
|
|a DB
|
| 958 |
|
|
|a UC
|
| 958 |
|
|
|a OND
|
| 999 |
|
|
|c 732649
|d 734579
|
| 952 |
|
|
|t P60, <03>, [BOOK], {603}, -K-
|a SNK
|b SNK
|y PREZ
|7 0
|p 17A0453695
|o snkSC 118372/2
|i snkKSP 15929/2004
|0 0
|1 0
|4 0
|d 2004-12-15
|f 1
|l 0
|r 2025-10-07 00:00:00
|w 2026-02-23
|
| 952 |
|
|
|t P60, <04>, [BOOK], {604}
|a SNK
|b SNK
|y VYP
|7 0
|p 17A0453556
|o snkSC 118372/2 D1
|i snkKSP 15930/2004
|0 0
|1 0
|4 0
|d 2004-12-15
|l 0
|r 2005-01-02 00:00:00
|w 2026-02-23
|